|
|
|
|
| LEADER |
00000nam a2200000 a 4500 |
| 001 |
vtls001425186 |
| 003 |
SK-MaSNL |
| 005 |
20260302001746.0 |
| 008 |
240318s2001 pl aa r y slo |
| 015 |
|
|
|a SNBZSA2002-00027
|
| 020 |
|
|
|a 8302082112
|
| 035 |
|
|
|a SNK000380078
|
| 035 |
|
|
|a urn:nbn:sk:snk-amkxww
|
| 035 |
|
|
|a urn:nbn:sk:snk-am003btt
|
| 035 |
|
|
|a CE2AD89C-40EB-4149-926E-1F47D1359DA1
|
| 040 |
|
|
|a SNK
|b slo
|c SNK
|e AACR2
|
| 041 |
0 |
|
|a slo
|
| 044 |
|
|
|a PL
|
| 080 |
|
|
|a 82.0:885.4(075.3)(076.5)
|2 1981
|
| 080 |
|
|
|a 885.4(075.3)(076.5)
|2 1981
|
| 080 |
|
|
|a 808.54-5(075.3)(076.5)
|2 1981
|
| 100 |
1 |
|
|a Głodasik, Maria
|4 aut
|9 289211
|
| 245 |
1 |
0 |
|a Domovina moja
|b pracovný zošit pre 3. ročník gymnázia
|c Maria Głodasik
|
| 260 |
|
|
|a Warszawa
|b Wydawnictwa Szkolne i Pedagogiczne
|c c2001
|
| 300 |
|
|
|a 102, [2] s.
|b sch., tab.
|c 21 cm
|
| 650 |
0 |
7 |
|a literatúra slovenská
|x učebnice gymn. (3. roč.)
|x zošity pracovné
|z Poľsko
|2 SNK
|9 638163
|
| 650 |
0 |
7 |
|a slovenčina
|2 SNK
|9 1350
|
| 655 |
|
7 |
|a učebnice
|2 SNK
|9 22521
|
| 919 |
|
|
|a 83-02-08211-2
|
| 958 |
|
|
|a OND
|
| 958 |
|
|
|a ZS
|
| 958 |
|
|
|a TL
|
| 958 |
|
|
|a UC
|
| 958 |
|
|
|a LX
|
| 958 |
|
|
|a PL
|
| 999 |
|
|
|c 985155
|d 987085
|
| 952 |
|
|
|t P60, <03>, [BOOK], {603}
|a SNK
|b SNK
|y PREZ
|7 0
|p 17A0328746
|o snkSC 107100
|i snkV 123/2002
|0 0
|1 0
|4 0
|d 2002-01-23
|f 1
|l 0
|r 2025-09-26 00:00:00
|w 2026-02-24
|